Informačný systém pre správu a riadenie IoT zariadení

Na minha lista:
Detalhes bibliográficos
Autor principal: Šmogrovič, Marek (Author)
Outros Autores: Vojs, Marian (Thesis advisor)
Formato: Manuscrito Livro
Idioma:eslovaco
Publicado em: Bratislava : STU v Bratislave FEI, 2024
Assuntos:
Acesso em linha:https://opac.crzp.sk/?fn=detailBiblioFormChildULHSF&sid=DDCD2C6FBCAD481F294DC2B200E4&seo=CRZP-detail-kniha
Tags: Adicionar Tag
Sem tags, seja o primeiro a adicionar uma tag!

MARC

LEADER 00000ntm a22000003a 4500
001 stuzp97763
003 SK-STU
005 20250410105932.6
007 ta
008 150427s2015----xo-----f-mn---000-0-slo-d
040 |a STU  |b slo 
041 0 |a slo 
044 |a xo 
100 1 |a Šmogrovič, Marek  |u 033000  |4 aut  |U FEI Fakulta elektrotechniky a informatiky  |T FEI Ústav elektroniky a fotoniky  |X 115362  |U E030  |Y 549  |7 115362 
242 0 1 |a Information system for management and control of IoT devices  |y eng 
245 1 0 |a Informačný systém pre správu a riadenie IoT zariadení 
260 |a Bratislava :  |b STU v Bratislave FEI,  |c 2024 
300 |a 60 s. 
650 4 |a informačný systém  |2 slo 
650 4 |a riadenie IoT zariadení  |2 slo 
650 4 |a webová aplikácia  |2 slo 
650 4 |a Internet vecí  |2 slo 
650 4 |a information system  |2 eng 
650 4 |a IoT device management  |2 eng 
650 4 |a Internet of Things  |2 eng 
650 4 |a web application  |2 eng 
700 1 |a Vojs, Marian  |u 033000  |k Z2  |4 ths  |U FEI Fakulta elektrotechniky a informatiky  |T FEI Ústav elektroniky a fotoniky  |X 2979  |U E030  |Y 549  |7 A000002979 
856 4 |u https://opac.crzp.sk/?fn=detailBiblioFormChildULHSF&sid=DDCD2C6FBCAD481F294DC2B200E4&seo=CRZP-detail-kniha